[Event "GER-ch Net blitz qual1"]
[Site "Playchess.com INT"]
[Date "2021.04.24"]
[Round "6"]
[White "Lanz, Juergen"]
[Black "Daeuber, Andreas"]
[Result "0-1"]
[WhiteElo "1493"]
[BlackElo "1705"]
[PlyCount "58"]
[EventDate "2021.04.24"]
[EventType "swiss (blitz)"]
[EventRounds "11"]
[EventCountry "GER"]
[SourceTitle "CBM 202 Extra"]
[Source "ChessBase"]
[SourceDate "2021.07.31"]
[SourceVersion "1"]
[SourceVersionDate "2021.07.31"]
[SourceQuality "1"]

1. d4 d5 2. Nf3 Nf6 3. Bf4 e6 4. Nbd2 Bd6 5. Bg3 0-0 6. e3 b6 7. c3 c5 8. dxc5 bxc5 9. Qc2 h6 10. Be2 Nc6 11. 0-0-0 a5 12. Bxd6 Qxd6 13. Nc4 Qc7 14. Na3 Rb8 15. Nb5 Qb6 16. a4 Ba6 17. h4 c4 18. Nfd4 Bxb5 19. Nxb5 Na7 20. Nxa7 Qxa7 21. g4 Rb3 22. g5 hxg5 23. hxg5 Ne4 24. f3 Qxe3+ 25. Kb1 Nxc3+ 26. Ka1 g6 27. bxc3 Rxc3 28. Qd2 Ra3+ 29. Kb1 Rb8+ 0-1

[Event "GER Cup Net V2 U1600"]
[Site "Playchess.com INT"]
[Date "2020.05.22"]
[Round "2"]
[White "Lanz, Juergen"]
[Black "Hellmich, Michael"]
[Result "1/2-1/2"]
[WhiteElo "1499"]
[BlackElo "1306"]
[PlyCount "175"]
[EventDate "2020.05.22"]
[EventType "swiss (blitz)"]
[EventRounds "9"]
[EventCountry "GER"]
[SourceTitle "EXT 2021"]
[Source "ChessBase"]
[SourceDate "2020.10.23"]
[SourceVersion "1"]
[SourceVersionDate "2020.10.23"]
[SourceQuality "1"]

1. d4 d5 2. Nf3 e6 3. Bf4 f5 4. e3 Nf6 5. Be2 Be7 6. h3 0-0 7. 0-0 Ne4 8. Nbd2 c6 9. Ne5 Nd7 10. f3 Nxd2 11. Qxd2 Nf6 12. c3 Bd7 13. Bd3 Be8 14. Rae1 Bh5 15. e4 fxe4 16. fxe4 dxe4 17. Bxe4 Nxe4 18. Rxe4 Bg6 19. Nxg6 hxg6 20. Qe2 c5 21. Re5 cxd4 22. Rxe6 Bf6 23. Rd1 Qd7 24. cxd4 Bxd4+ 25. Be3 Qxe6 26. Rxd4 Rae8 27. Rd3 Qxa2 28. Qd2 Qb1+ 29. Kh2 Qf1 30. Rd7 Qf6 31. Bd4 Qf4+ 32. Qxf4 Rxf4 33. Rxg7+ Kf8 34. Bc3 Rf7 35. Rxg6 Re2 36. Bb4+ Ke8 37. Rg8+ Kd7 38. Bc3 Rff2 39. Rg7+ Kc6 40. Rg6+ Kb5 41. Rg5+ Kc4 42. Rg4+ Kd3 43. Rd4+ Kc2 44. Rg4 b5 45. h4 a6 46. h5 Re6 47. Rg5 Rf7 48. Bd4 Re4 49. Rg7 Rxg7 50. Bxg7 Rh4+ 51. Kg3 Rxh5 52. Kg4 Rh7 53. Bd4 Rd7 54. Be5 Rd5 55. Kf4 Kd3 56. g4 a5 57. g5 Rd8 58. g6 Rg8 59. g7 a4 60. Kf5 b4 61. Kf6 b3 62. Kf7 Rc8 63. Bf6 Kc2 64. g8Q Rxg8 65. Kxg8 a3 66. bxa3 b2 67. Bxb2 Kb3 68. Bc1 Ka4 69. Kf7 Kb3 70. Ke7 Ka4 71. Kd6 Kb5 72. Kd5 Ka4 73. Kc5 Ka5 74. Kc4 Ka4 75. Bb2 Ka5 76. Kc5 Ka4 77. Kc4 Ka5 78. Kc3 Ka4 79. Bc1 Ka5 80. Kb3 Kb5 81. a4+ Ka5 82. Bd2+ Ka6 83. Kb4 Kb6 84. Be3+ Ka6 85. Bd4 Kb7 86. Ka5 Kb8 87. Ka6 Ka8 88. Be5 1/2-1/2

[Event "GER Cup Net V2 U1600"]
[Site "Playchess.com INT"]
[Date "2020.05.22"]
[Round "8"]
[White "Lanz, Juergen"]
[Black "Schenk, Michael"]
[Result "1-0"]
[WhiteElo "1499"]
[BlackElo "1385"]
[PlyCount "93"]
[EventDate "2020.05.22"]
[EventType "swiss (blitz)"]
[EventRounds "9"]
[EventCountry "GER"]
[SourceTitle "EXT 2021"]
[Source "ChessBase"]
[SourceDate "2020.10.23"]
[SourceVersion "1"]
[SourceVersionDate "2020.10.23"]
[SourceQuality "1"]

1. d4 Nf6 2. Nf3 g6 3. Bf4 Bg7 4. e3 d6 5. Be2 0-0 6. 0-0 Nc6 7. Nbd2 e5 8. dxe5 dxe5 9. Nxe5 Nxe5 10. Bxe5 Re8 11. Bxf6 Bxf6 12. c3 b6 13. Bf3 Rb8 14. Ne4 Be5 15. Qxd8 Rxd8 16. Rfd1 Bf5 17. Ng3 Bxg3 18. hxg3 Rxd1+ 19. Rxd1 Re8 20. Bc6 Re5 21. Rd4 Rc5 22. Be4 Be6 23. a3 Rb5 24. Rd2 f5 25. Bc6 Rc5 26. Bf3 Kg7 27. Kf1 Kf6 28. Ke1 g5 29. Rd4 g4 30. Bb7 Rb5 31. b4 c5 32. Rf4 cxb4 33. cxb4 a5 34. Ba6 Re5 35. Bc4 axb4 36. Bxe6 Kxe6 37. Rxb4 Rc5 38. Rxb6+ Kd5 39. Kd2 Ra5 40. Rb3 h5 41. Kd3 Kc5 42. Kc3 Ra4 43. f3 gxf3 44. gxf3 Rc4+ 45. Kd3 Kd5 46. Rb5+ Ke6 47. Kxc4 1-0

[Event "GER-ch Net blitz qual3"]
[Site "Playchess.com INT"]
[Date "2020.03.21"]
[Round "3"]
[White "Lanz, Juergen"]
[Black "Hagner, Bennet"]
[Result "0-1"]
[WhiteElo "1501"]
[BlackElo "2034"]
[PlyCount "100"]
[EventDate "2020.03.21"]
[EventType "swiss (blitz)"]
[EventRounds "9"]
[EventCountry "GER"]
[SourceTitle "CBM 195 Extra"]
[Source "ChessBase"]
[SourceDate "2020.05.31"]
[SourceVersion "1"]
[SourceVersionDate "2020.05.31"]
[SourceQuality "1"]

1. d4 d5 2. Nf3 Nf6 3. e3 c5 4. c4 Nc6 5. Nc3 cxd4 6. Nxd4 Nxd4 7. Qxd4 dxc4 8. Qxd8+ Kxd8 9. Bxc4 e6 10. 0-0 Bb4 11. Rd1+ Ke7 12. Nb5 Bd7 13. a3 Bxb5 14. Bxb5 Bd6 15. b4 a6 16. Ba4 b5 17. Bb3 Be5 18. Rb1 Rhd8 19. Bb2 Bxb2 20. Rxb2 Rxd1+ 21. Bxd1 Rc8 22. Rc2 Rxc2 23. Bxc2 Kd6 24. Kf1 Kd5 25. Ke2 Kc4 26. Kd2 h6 27. h3 Nd5 28. f3 e5 29. g3 g5 30. e4 Nb6 31. Bd1 Kd4 32. Bb3 Nc4+ 33. Bxc4 Kxc4 34. Kc2 h5 35. h4 gxh4 36. gxh4 f6 37. Kb2 Kd3 38. Kb3 Ke3 39. a4 Kxf3 40. axb5 axb5 41. Kc3 Kxe4 42. Kd2 Kd4 43. Kc2 Kc4 44. Kd2 Kxb4 45. Ke3 Kc3 46. Ke4 b4 47. Kf5 b3 48. Kxf6 b2 49. Kxe5 b1Q 50. Kf4 Qg1 0-1

[Event "GER-ch Net blitz qual3"]
[Site "Playchess.com INT"]
[Date "2020.03.21"]
[Round "7"]
[White "Lanz, Juergen"]
[Black "Hoke, Adrian Neo"]
[Result "0-1"]
[WhiteElo "1501"]
[BlackElo "1575"]
[PlyCount "116"]
[EventDate "2020.03.21"]
[EventType "swiss (blitz)"]
[EventRounds "9"]
[EventCountry "GER"]
[SourceTitle "CBM 195 Extra"]
[Source "ChessBase"]
[SourceDate "2020.05.31"]
[SourceVersion "1"]
[SourceVersionDate "2020.05.31"]
[SourceQuality "1"]

1. Nf3 d5 2. g3 Nf6 3. Bg2 e6 4. d4 c5 5. 0-0 Nc6 6. Bg5 Be7 7. dxc5 Bxc5 8. c4 Be7 9. cxd5 Nxd5 10. Bxe7 Ncxe7 11. Qb3 0-0 12. Rd1 Qb6 13. Qxb6 Nxb6 14. Nc3 Bd7 15. a4 Bc6 16. a5 Nbd5 17. Ne5 Rfd8 18. Nxc6 bxc6 19. Ne4 Rab8 20. Rd2 h6 21. Nc5 Rb5 22. e4 Rxc5 23. exd5 cxd5 24. b4 Rc4 25. Rb1 Rb8 26. Rdb2 a6 27. Bf1 Rc6 28. b5 axb5 29. Bxb5 Rc7 30. a6 Ra7 31. Bd3 Nc6 32. Rxb8+ Nxb8 33. Rb7 Rxb7 34. axb7 Kf8 35. Bb5 Ke7 36. Kf1 Kd6 37. Ke2 Kc7 38. Be8 f6 39. Bf7 Kd6 40. Kd3 e5 41. h3 Nd7 42. Be8 Nb8 43. Bg6 Nd7 44. Be8 Nc5+ 45. Kc3 Nxb7 46. Kb4 d4 47. Bg6 Nc5 48. Kc4 Ne6 49. f3 Ng5 50. Be4 Nxh3 51. Bb7 Ng5 52. f4 Ne6 53. fxe5+ fxe5 54. Be4 Ng5 55. Bg6 Ke6 56. Kd3 Kf6 57. Bh5 g6 58. Ke2 gxh5 0-1

[Event "GER-ch Net blitz qual2"]
[Site "Playchess.com INT"]
[Date "2020.03.16"]
[Round "4"]
[White "Bone, Karin"]
[Black "Lanz, Juergen"]
[Result "0-1"]
[WhiteElo "1252"]
[BlackElo "1549"]
[PlyCount "112"]
[EventDate "2020.03.16"]
[EventType "swiss (blitz)"]
[EventRounds "9"]
[EventCountry "GER"]
[SourceTitle "CBM 195 Extra"]
[Source "ChessBase"]
[SourceDate "2020.05.31"]
[SourceVersion "1"]
[SourceVersionDate "2020.05.31"]
[SourceQuality "1"]

1. e4 c6 2. d4 d5 3. Nc3 dxe4 4. Nxe4 Nf6 5. Bd3 Nxe4 6. Bxe4 Nd7 7. Nf3 Nf6 8. Bd3 Bg4 9. Bf4 e6 10. Qe2 Bd6 11. Bg5 Be7 12. 0-0-0 Nd5 13. Be3 Qa5 14. h3 Bxf3 15. gxf3 0-0-0 16. Bc4 Qb4 17. Bd2 Qd6 18. Rhe1 Nb4 19. d5 cxd5 20. Bb3 Qh2 21. Bxb4 Bxb4 22. Rh1 Qf4+ 23. Kb1 Kb8 24. Rhe1 Bxe1 25. Qxe1 Qxf3 26. Rc1 Qe4 27. Qd2 Rc8 28. f4 d4 29. f5 exf5 30. Qh2+ Ka8 31. Qd2 Qe3 32. Qb4 Rhe8 33. Bd5 Rc7 34. h4 Qe7 35. Qb5 Rec8 36. Bb3 Rc5 37. Qb4 d3 38. c3 d2 39. Rd1 Qe4+ 40. Qxe4 fxe4 41. Bxf7 Rf5 42. Be6 e3 43. Bxc8 e2 44. Rxd2 e1Q+ 45. Kc2 Qe4+ 46. Kc1 Rf1+ 47. Rd1 Qe3+ 48. Kc2 Rxd1 49. Kxd1 Qg1+ 50. Kd2 Qg2+ 51. Kd3 Qg3+ 52. Kd4 g5 53. hxg5 Qxg5 54. b4 h5 55. c4 Qf4+ 56. Kc5 Qe5# 0-1

[Event "GER-ch Net blitz qual2"]
[Site "Playchess.com INT"]
[Date "2020.03.16"]
[Round "3"]
[White "Lanz, Juergen"]
[Black "Noack, Mario"]
[Result "0-1"]
[WhiteElo "1549"]
[BlackElo "2111"]
[PlyCount "104"]
[EventDate "2020.03.16"]
[EventType "swiss (blitz)"]
[EventRounds "9"]
[EventCountry "GER"]
[SourceTitle "CBM 195 Extra"]
[Source "ChessBase"]
[SourceDate "2020.05.31"]
[SourceVersion "1"]
[SourceVersionDate "2020.05.31"]
[SourceQuality "1"]

1. d4 Nf6 2. c4 g6 3. Nc3 Bg7 4. f3 0-0 5. e4 d6 6. Be3 e5 7. Nge2 Nc6 8. d5 Ne7 9. Ng3 Nd7 10. Qd2 f5 11. exf5 Nxf5 12. Nxf5 gxf5 13. Bh6 Qf6 14. Bxg7 Qxg7 15. 0-0-0 Nf6 16. Kb1 a6 17. Bd3 Bd7 18. Qc2 Nh5 19. g4 fxg4 20. fxg4 Nf4 21. h3 Nxd3 22. Qxd3 Qg6 23. Qxg6+ hxg6 24. Ne4 Rf4 25. Rde1 Raf8 26. b3 Kg7 27. Re2 b6 28. Rhh2 a5 29. Rhf2 Kh6 30. Kc2 g5 31. Rxf4 Rxf4 32. Ng3 Rf3 33. Nf5+ Bxf5+ 34. gxf5 Rxf5 35. Re3 Kh5 36. Kd3 Rf4 37. Kc3 Kh4 38. a3 Rf1 39. b4 axb4+ 40. axb4 Rh1 41. c5 bxc5 42. bxc5 Rxh3 43. Rxh3+ Kxh3 44. cxd6 cxd6 45. Kd3 g4 46. Ke4 g3 47. Kf5 g2 48. Ke6 e4 49. Kxd6 e3 50. Kc7 e2 51. d6 e1Q 52. d7 Qd1 0-1

[Event "GER-ch Net blitz qual2"]
[Site "Playchess.com INT"]
[Date "2020.03.16"]
[Round "2"]
[White "Raghavan, Badrinarayanan"]
[Black "Lanz, Juergen"]
[Result "1-0"]
[WhiteElo "1663"]
[BlackElo "1549"]
[PlyCount "77"]
[EventDate "2020.03.16"]
[EventType "swiss (blitz)"]
[EventRounds "9"]
[EventCountry "GER"]
[SourceTitle "CBM 195 Extra"]
[Source "ChessBase"]
[SourceDate "2020.05.31"]
[SourceVersion "1"]
[SourceVersionDate "2020.05.31"]
[SourceQuality "1"]

1. e4 c6 2. d3 d5 3. g3 dxe4 4. Bg2 exd3 5. cxd3 Nf6 6. Nc3 e6 7. Nf3 Be7 8. 0-0 0-0 9. d4 c5 10. dxc5 Bxc5 11. Bg5 Be7 12. Qxd8 Rxd8 13. Ne5 h6 14. Be3 Nd5 15. Nxd5 exd5 16. Rac1 Be6 17. Rfd1 Na6 18. Nf3 Rac8 19. Bxa7 Nb4 20. a3 Nc6 21. Bb6 Re8 22. b4 Ra8 23. Rc3 Bf6 24. Rcd3 Bb2 25. b5 Na5 26. Nd4 Bxd4 27. Bxd4 Nc4 28. Ra1 Bf5 29. Rc3 Be6 30. a4 Nd6 31. Rc7 Nxb5 32. axb5 Rxa1+ 33. Bxa1 Bf5 34. Bc3 Ra8 35. Bxd5 Be6 36. Bxe6 fxe6 37. Rxg7+ Kf8 38. Rh7 Rc8 39. Rh8+ 1-0

[Event "Frankfurt-ch"]
[Site "Frankfurt"]
[Date "2011.06.06"]
[Round "6"]
[White "Lanz, Juergen"]
[Black "Stulken, Dietmar"]
[Result "1-0"]
[WhiteElo "1564"]
[BlackElo "1384"]
[PlyCount "67"]
[EventDate "2011.05.02"]
[EventType "swiss"]
[EventRounds "7"]
[EventCountry "GER"]
[SourceTitle "EXT 2012"]
[Source "ChessBase"]
[SourceDate "2011.11.24"]
[SourceVersion "1"]
[SourceVersionDate "2011.11.24"]
[SourceQuality "1"]

1. Nf3 d5 2. d4 e6 3. c4 c6 4. Nc3 Nf6 5. cxd5 exd5 6. Bg5 Be7 7. e3 Ne4 8. Bxe7 Qxe7 9. Bd3 Bf5 10. 0-0 0-0 11. Qc2 Nd7 12. Rac1 Bg6 13. Ne2 Ng5 14. Kh1 Bxd3 15. Qxd3 Ne4 16. Ng3 Qe6 17. Nd2 Ndf6 18. Ngxe4 Nxe4 19. Nxe4 Qxe4 20. Qxe4 dxe4 21. Rc4 f5 22. h4 h5 23. Kh2 Kf7 24. Kg3 Rad8 25. Rfc1 Rd6 26. Kf4 Kf6 27. Rc5 Rd5 28. Rxd5 cxd5 29. Rc7 Rf7 30. Rxf7+ Kxf7 31. Kxf5 g6+ 32. Ke5 Ke7 33. Kxd5 Kf6 34. Kxe4 1-0

[Event "Frankfurt-ch"]
[Site "Frankfurt"]
[Date "2011.05.23"]
[Round "4"]
[White "Lanz, Juergen"]
[Black "Puzzo, Peter"]
[Result "0-1"]
[WhiteElo "1564"]
[BlackElo "1463"]
[PlyCount "68"]
[EventDate "2011.05.02"]
[EventType "swiss"]
[EventRounds "7"]
[EventCountry "GER"]
[SourceTitle "EXT 2012"]
[Source "ChessBase"]
[SourceDate "2011.11.24"]
[SourceVersion "1"]
[SourceVersionDate "2011.11.24"]
[SourceQuality "1"]

1. Nf3 Nf6 2. c4 e6 3. Nc3 Be7 4. g3 0-0 5. Bg2 c6 6. d4 d5 7. 0-0 Nbd7 8. Qb3 h6 9. Bf4 Re8 10. a4 Nh5 11. Bd2 Bd6 12. c5 Bc7 13. e4 dxe4 14. Nxe4 Nf8 15. Qe3 Nf6 16. Ne5 Nd5 17. Qf3 f5 18. Nc3 Qf6 19. Qh5 Bd7 20. f4 Re7 21. a5 a6 22. Na4 Rd8 23. Ra3 Be8 24. Qf3 Ng6 25. Qe2 Nxe5 26. dxe5 Qf8 27. Rb3 Bb8 28. Nb6 Nxb6 29. cxb6 Red7 30. Bb4 Qf7 31. Rff3 Rd1+ 32. Kf2 Qd7 33. Bd6 Bxd6 34. exd6 Qxd6 0-1

[Event "Frankfurt-ch"]
[Site "Frankfurt"]
[Date "2010.06.07"]
[Round "6"]
[White "Seifert, Norbert"]
[Black "Lanz, Juergen"]
[Result "0-1"]
[WhiteElo "2054"]
[BlackElo "1553"]
[PlyCount "112"]
[EventDate "2010.04.26"]
[EventType "swiss"]
[EventRounds "7"]
[EventCountry "GER"]
[SourceTitle "EXT 2011"]
[Source "ChessBase"]
[SourceDate "2010.11.26"]
[SourceVersion "1"]
[SourceVersionDate "2010.11.26"]
[SourceQuality "1"]

1. d4 Nf6 2. Nf3 d5 3. e3 Bg4 4. c4 e6 5. Nc3 Bb4 6. Qa4+ Nc6 7. Ne5 Bxc3+ 8. bxc3 0-0 9. Nxc6 bxc6 10. Qxc6 Rb8 11. Bd3 Rb6 12. Qa4 dxc4 13. Bxc4 Nd5 14. Ba3 Qg5 15. Bxd5 Qxd5 16. 0-0 Rfb8 17. f3 Bh5 18. c4 Qb7 19. Qd7 f6 20. e4 Be8 21. Qe7 Ba4 22. Qc5 Rc6 23. Qe7 Rb6 24. d5 exd5 25. cxd5 Ra6 26. Rfc1 Qb6+ 27. Bc5 Qa5 28. Be3 Rc8 29. Bxa7 Re8 30. Qxc7 Rxa7 31. Qxa5 Rxa5 32. Kf2 Kf7 33. Ke3 Rxd5 34. Rc7+ Rd7 35. Rxd7+ Bxd7 36. a4 Ra8 37. a5 Ke6 38. Kd4 Kd6 39. f4 Bc6 40. e5+ fxe5+ 41. fxe5+ Ke6 42. a6 Ra7 43. g3 Bb5 44. Ra5 Bf1 45. Kc5 Rxa6 46. Rxa6+ Bxa6 47. Kd4 Bb7 48. Ke3 Kxe5 49. Kf2 g5 50. Ke3 Kf5 51. h3 Bg2 52. h4 gxh4 53. gxh4 Kg4 54. Kf2 Be4 55. Ke3 Kxh4 56. Kxe4 Kg3 0-1

[Event "Frankfurt-ch"]
[Site "Frankfurt"]
[Date "2010.04.26"]
[Round "1"]
[White "Richter, Tobias"]
[Black "Lanz, Juergen"]
[Result "1-0"]
[WhiteElo "2099"]
[BlackElo "1553"]
[PlyCount "49"]
[EventDate "2010.04.26"]
[EventType "swiss"]
[EventRounds "7"]
[EventCountry "GER"]
[SourceTitle "EXT 2011"]
[Source "ChessBase"]
[SourceDate "2010.11.26"]
[SourceVersion "1"]
[SourceVersionDate "2010.11.26"]
[SourceQuality "1"]

1. e4 e5 2. Bc4 Nf6 3. d4 exd4 4. Nf3 Bb4+ 5. c3 Be7 6. e5 Ne4 7. Bd5 Ng5 8. Bxg5 Bxg5 9. cxd4 c6 10. Bb3 0-0 11. 0-0 d5 12. Bc2 g6 13. Nbd2 Bg4 14. h3 Bxd2 15. hxg4 Bh6 16. Nh2 Na6 17. f4 Qh4 18. Rf3 Qe7 19. g5 Bg7 20. Ng4 Nb4 21. Bb1 Rfe8 22. Rh3 Rac8 23. Nf6+ Bxf6 24. gxf6 Qd7 25. Rxh7 1-0